Catálogo - Centro de Recursos para el Aprendizaje y la Investigación

Volver al Sitio - CRAI Biblioteca
Vista normal Vista MARC
  • Silfa Bor, Bernardo

Entrada Nombre personal

Número de registros utilizados en: 2

001 - NÚMERO DE CONTROL

  • campo de control: 197196

003 - IDENTIFICADOR DEL NÚMERO DE CONTROL

  • campo de control: DR-UNIBE

005 - FECHA Y HORA DE LA ÚLTIMA TRANSACCIÓN

  • campo de control: 20250709132720.0

008 - DATOS DE LONGITUD FIJA

  • campo de control de longitud fija: 250709|| aca||aabn | a|a d

040 ## - FUENTE DE LA CATALOGACIÓN

  • Centro catalogador/agencia de origen: DR-UNIBE
  • Centro/agencia transcriptor: DR-UNIBE

100 ## - ENCABEZAMIENTO-NOMBRE DE PERSONA

  • Nombre de persona: Silfa Bor, Bernardo
  • Fechas asociadas al nombre: 1967-

670 ## - FUENTE DE DATOS ENCONTRADOS

  • Cita de la fuente: Work cat.: (DR-UNIBE)113858: Silfa Bor, Bernardo 1967- autor, Mascara de la imago /, 2005